| 000 | 00726nam a2200229 a 4500 | ||
|---|---|---|---|
| 001 | 2454 | ||
| 005 | 20140414131932.0 | ||
| 008 | 040601s19uu xx 00 eng d | ||
| 020 | _a0-394-84842-X | ||
| 050 |
_aREF 031 _bSch8 1980 |
||
| 100 | _aSchulz, Charles | ||
| 245 |
_aCharlie Brown's 'Cyclopedias, Vol 13 : _bMachine and how they work :. |
||
| 260 |
_aNew York : _bFunk and wagnalls, _c1980. |
||
| 300 | _a623 p. : ill. ; cm. | ||
| 440 | _aCharlie Brown's 'Cyclopedias | ||
| 500 | _a"Based on the Charles M. Schulz Characters"--Snoopy. | ||
| 520 | _aSuper Questions and answers and amazing facts. | ||
| 650 | _aCyclopedias. | ||
| 650 |
_aMachines _xJuvenile literature. |
||
| 999 |
_c112259 _d112259 |
||